LEADER 00876nam0 2200265 450
001 000026026
005 20090527151604.0
010 $a716703289
100 $a20090527d1970----km-y0itay50------ba
101 0 $aeng
102 $aUS
105 $aa-------001yy
200 1 $aIntroduction to the solar wind$fJohn C. Brandt
210 $aSan Francisco$cW. H. Freeman and company$dc1970
215 $aIX, 199 p.$cill.$d24 cm
225 2 $a<>series of books in astronomy and astrophysics
410 0$12001$a<>series of books in astronomy and astrophysics
500 10$aIntroduction to the solar wind$943010
676 $a523.58$v20
700 1$aBrandt,$bJohn C.$045280
801 0$aIT$bUNIPARTHENOPE$c20090527$gRICA$2UNIMARC
912 $a000026026
951 $aDISAM 523.58/1$bM 1273$cDISAM$d2009
996 $aIntroduction to the solar wind$943010
997 $aUNIPARTHENOPE
LEADER 02045oas 2200757 a 450
001 9910895357603321
005 20260218112911.0
035 $a(DE-599)ZDB2396025-5
035 $a(OCoLC)226370292
035 $a(CONSER) 2008263567
035 $a(CKB)1000000000375809
035 $a(DE-599)2396025-5
035 $a(EXLCZ)991000000000375809
100 $a20080429a20079999 sy
101 0 $aeng
135 $aur|||||||||||
181 $ctxt$2rdacontent
182 $cc$2rdamedia
183 $acr$2rdacarrier
200 04$aThe open transportation journal
210 $a[Hilversum] $c[Bentham Science Publishers]$d[2007]-
215 $a1 online resource
300 $aRefereed/Peer-reviewed
311 08$a1874-4478
517 1 $aTOTJ
606 $aTransportation$vPeriodicals
606 $aTransportation$xPlanning$vPeriodicals
606 $aHighway planning$vPeriodicals
606 $aTransport$xPlanification$vPe?riodiques
606 $aRoutes$xPlanification$vPe?riodiques
606 $aHighway planning$2fast$3(OCoLC)fst00956692
606 $aTransportation$2fast$3(OCoLC)fst01155007
606 $aTransportation$xPlanning$2fast$3(OCoLC)fst01155146
608 $aPeriodicals.$2fast
615 0$aTransportation
615 0$aTransportation$xPlanning
615 0$aHighway planning
615 6$aTransport$xPlanification
615 6$aRoutes$xPlanification
615 7$aHighway planning.
615 7$aTransportation.
615 7$aTransportation$xPlanning.
676 $a380
801 0$bOCLCS
801 1$bOCLCS
801 2$bOCLCS
801 2$bSNM
801 2$bTXA
801 2$bNTE
801 2$bOCLCQ
801 2$bCUS
801 2$bOCLCQ
801 2$bOCLCF
801 2$bOCLCO
801 2$bOCLCQ
801 2$bCUS
801 2$bLND
801 2$bOCLCQ
801 2$bOCLCL
801 2$bHUA
801 2$bHEBIS
801 2$bOCLCQ
906 $aJOURNAL
912 $a9910895357603321
996 $aThe open transportation journal$94242879
997 $aUNINA